[Event "Rated Blitz tournament 4ja4glRM"]
[Site "?"]
[Date "2021.05.09"]
[Round "?"]
[White "GGuseinov"]
[Black "Maltinho"]
[Result "1-0"]
[WhiteElo "2787"]
[BlackElo "2520"]
[PlyCount "79"]
[EventDate "2021.??.??"]
[EventType "blitz"]

1. e4 e5 2. Nf3 d5 3. exd5 Bd6 4. Nc3 f5 5. d3 Nf6 6. Be2 O-O 7. O-O h6 8. Re1
g5 9. Bf1 Nbd7 10. b3 Nb6 11. Bb2 Qe8 12. a4 a5 13. Nxe5 Bxe5 14. d4 Bxh2+ 15.
Kxh2 Ng4+ 16. Qxg4 fxg4 17. Rxe8 Rxe8 18. Nb5 Nxd5 19. c4 c6 20. Nd6 Rf8 21.
cxd5 Rxf2 22. Ba3 cxd5 23. Bb5 Bf5 24. Nxf5 Rxf5 25. Re1 h5 26. Bd7 Rf4 27. Re7
h4 28. Bd6 g3+ 29. Kh3 Re4 30. Be6+ Kh8 31. Be5+ Rxe5 32. dxe5 Rd8 33. Rd7 Rxd7
34. Bxd7 Kg7 35. Bf5 d4 36. Kg4 Kf7 37. Kxg5 h3 38. Bxh3 d3 39. Kf4 d2 40. Bg4
{Normal} 1-0

[Event "Rated Blitz game"]
[Site "?"]
[Date "2021.05.09"]
[Round "?"]
[White "murghimaster"]
[Black "GoughPhar"]
[Result "0-1"]
[WhiteElo "2347"]
[BlackElo "2449"]
[PlyCount "52"]
[EventDate "2021.??.??"]
[EventType "blitz"]

1. e4 e5 2. Nf3 d5 3. exd5 e4 4. Ne5 Qxd5 5. d4 exd3 6. Nxd3 Nf6 7. Nc3 Qf5 8.
Be2 Nc6 9. O-O Be6 10. Bf3 Bd6 11. a4 Rd8 12. Nb5 O-O 13. Nxd6 Rxd6 14. Bf4
Rxd3 15. Qxd3 Qxf4 16. Qb5 Nd4 17. Qxb7 Rd8 18. Bd1 Bd5 19. Qxa7 Qg5 20. f3 Ne6
21. Qf2 Bc6 22. a5 Rd2 23. Qg3 Qe3+ 24. Kh1 Nh5 25. Qe1 Qg5 26. a6 Qxg2# {
Normal} 0-1

[Event "Rated Blitz tournament yu8mfnSE"]
[Site "?"]
[Date "2021.05.09"]
[Round "?"]
[White "earth12345"]
[Black "Trompetillas"]
[Result "0-1"]
[WhiteElo "2408"]
[BlackElo "2225"]
[PlyCount "88"]
[EventDate "2021.??.??"]
[EventType "blitz"]

1. e4 e5 2. Nf3 d5 3. Nxe5 Qe7 4. d4 f6 5. Nf3 dxe4 6. Nfd2 f5 7. Bc4 Nf6 8.
O-O Nc6 9. Re1 Nxd4 10. Nxe4 fxe4 11. Qxd4 Qc5 12. Qc3 Bd7 13. Be3 Qc6 14. Nd2
O-O-O 15. Bxa7 Bc5 16. Bxc5 Qxc5 17. Nb3 Qh5 18. Be2 Qh4 19. Qa5 Kb8 20. Nc5
Bc8 21. Qb4 Rd5 22. Na6+ Ka7 23. Nxc7 Rg5 24. Qd4+ Kb8 25. Qd6 Ka7 26. Nb5+ Ka8
27. Nc7+ Ka7 28. Nb5+ Rxb5 29. Bxb5 Ng4 30. Qg3 Qg5 31. Rxe4 Qxb5 32. Rxg4 Bxg4
33. Qxg4 Qxb2 34. Qa4+ Kb8 35. Re1 Qb6 36. h3 Qc7 37. Re8+ Rxe8 38. Qxe8+ Ka7
39. Qa4+ Kb6 40. Qb4+ Ka6 41. Qa4+ Qa5 42. Qxa5+ Kxa5 43. f4 Kb5 44. g4 Kc4 {
Time forfeit} 0-1

[Event "Rated Rapid game"]
[Site "?"]
[Date "2021.05.09"]
[Round "?"]
[White "ChessBurgerOfficial"]
[Black "Delyvj"]
[Result "1/2-1/2"]
[WhiteElo "2330"]
[BlackElo "2424"]
[PlyCount "115"]
[EventDate "2021.??.??"]
[EventType "rapid"]

1. e4 e5 2. Nf3 d5 3. Nxe5 dxe4 4. d4 exd3 5. Nxd3 Bd6 6. g3 Bd7 7. Bg2 Bc6 8.
O-O h5 9. Re1+ Ne7 10. Nc3 h4 11. Ne4 hxg3 12. hxg3 Qd7 13. Nxd6+ cxd6 14. Nf4
Bxg2 15. Nxg2 Qh3 16. Nh4 g5 17. Bxg5 Nbc6 18. Qxd6 f6 19. Bxf6 Rh7 20. Rad1
Rd8 21. Qf4 Rxd1 22. Rxd1 Rf7 23. Qd6 Qg4 24. Bxe7 Rxe7 25. Qg6+ Qxg6 26. Nxg6
Re2 27. Rc1 Nb4 28. Kf1 Rd2 29. Ke1 Rd6 30. Nf4 Nxa2 31. Ra1 Nb4 32. Rxa7 Nxc2+
33. Ke2 Rb6 34. Nd3 Ke7 35. Nc5 Kd6 36. Nxb7+ Ke5 37. Nc5 Kd5 38. Nd3 Nd4+ 39.
Kf1 Rb3 40. Rd7+ Kc4 41. Ne5+ Kc5 42. g4 Ne6 43. Rd2 Nf4 44. g5 Rh3 45. Kg1 Rh5
46. Nf3 Rh3 47. Ne5 Rh5 48. Nd3+ Nxd3 49. Rxd3 Rxg5+ 50. Rg3 Rh5 51. f4 Kd4 52.
Rg5 Rh4 53. f5 Ke5 54. Kf2 Rb4 55. f6+ Kxf6 56. Rg2 Rxb2+ 57. Kg3 Rxg2+ 58.
Kxg2 {Normal} 1/2-1/2

[Event "Rated Blitz tournament fOtZu2b9"]
[Site "?"]
[Date "2021.05.09"]
[Round "?"]
[White "Pieceanda"]
[Black "DarthZannah"]
[Result "1-0"]
[WhiteElo "2251"]
[BlackElo "2520"]
[PlyCount "133"]
[EventDate "2021.??.??"]
[EventType "blitz"]

1. e4 e5 2. Nf3 d5 3. Nxe5 dxe4 4. d4 Nd7 5. Nxd7 Bxd7 6. Bc4 Bd6 7. Nc3 Nf6 8.
O-O O-O 9. Bg5 Re8 10. Re1 h6 11. Bxf6 Qxf6 12. Nxe4 Bxh2+ 13. Kxh2 Qh4+ 14.
Kg1 Rxe4 15. Rxe4 Qxe4 16. Qd3 Re8 17. Rd1 Qxd3 18. Bxd3 c6 19. f3 f5 20. Kf2
g5 21. c4 Kg7 22. d5 cxd5 23. cxd5 Kf6 24. Bc4 Rc8 25. Bb3 b5 26. a3 a5 27. Re1
a4 28. Ba2 Rc2+ 29. Re2 Rxe2+ 30. Kxe2 Ke5 31. Kd3 h5 32. b4 h4 33. Ke3 g4 34.
f4+ Kd6 35. Kf2 Be8 36. Bb1 Bg6 37. Bd3 Kxd5 38. Bxb5 Kd4 39. Bxa4 Kc3 40. Bd7
h3 41. gxh3 gxh3 42. Kg3 Bf7 43. b5 Kb3 44. Bc6 Be6 45. b6 Bc8 46. b7 Bxb7 47.
Bxb7 Kxa3 48. Bc8 Kb4 49. Bxf5 Kc5 50. Bxh3 Kd6 51. f5 Ke7 52. Kf4 Kf6 53. Bg4
Kf7 54. Kg5 Kg7 55. Bh5 Kf8 56. Kf6 Kg8 57. Ke7 Kg7 58. f6+ Kh6 59. f7 Kh7 60.
Bg6+ Kg7 61. f8=Q+ Kxg6 62. Qf6+ Kh5 63. Qg7 Kh4 64. Qg2 Kh5 65. Kf6 Kh4 66.
Kf5 Kh5 67. Qh3# {Normal} 1-0

[Event "Rated Rapid game"]
[Site "?"]
[Date "2021.05.09"]
[Round "?"]
[White "pele1397"]
[Black "Delyvj"]
[Result "1-0"]
[WhiteElo "2405"]
[BlackElo "2434"]
[PlyCount "99"]
[EventDate "2021.??.??"]
[EventType "rapid"]

1. e4 e5 2. Nf3 d5 3. Nc3 d4 4. Ne2 Bd6 5. Ng3 g6 6. Bc4 Qe7 7. d3 Be6 8. Bb3
c5 9. Qe2 Nc6 10. Bd2 a6 11. h4 h5 12. Ng5 Bxb3 13. axb3 f6 14. Nf3 Nh6 15.
Bxh6 Rxh6 16. c3 Rh7 17. Nd2 b5 18. Qf3 Qe6 19. Ne2 Bf8 20. cxd4 cxd4 21. Rc1
Bh6 22. Rc2 Rc7 23. O-O Rac8 24. Rfc1 Bxd2 25. Rxd2 Nb4 26. Rxc7 Rxc7 27. Ng3
Ke7 28. Qd1 Qc6 29. Ne2 Na2 30. Qa1 Nc1 31. Qa3+ Kf7 32. Kh2 a5 33. Nxc1 Qxc1
34. Qd6 Qc6 35. Qd8 Rc8 36. Qxa5 Ke6 37. Rd1 Qc2 38. Qa6+ Rc6 39. Qxb5 Kd7 40.
Ra1 Qc5 41. Qc4 Qxc4 42. bxc4 Rb6 43. Ra7+ Ke6 44. Rg7 Rxb2 45. Rxg6 Rxf2 46.
Rg3 Rf4 47. Kh3 Kd6 48. Rf3 Ke6 49. Rxf4 exf4 50. Kh2 {Time forfeit} 1-0

[Event "Rated Blitz tournament bXM1pNu8"]
[Site "?"]
[Date "2021.05.09"]
[Round "?"]
[White "QproQ"]
[Black "BillyBouwmans"]
[Result "1-0"]
[WhiteElo "2552"]
[BlackElo "2235"]
[PlyCount "80"]
[EventDate "2021.??.??"]
[EventType "blitz"]

1. e4 e5 2. Nf3 d5 3. Nxe5 Bd6 4. d4 dxe4 5. Nc4 Nf6 6. Nc3 O-O 7. Be2 Bf5 8.
Be3 Nbd7 9. g4 Bg6 10. h4 h5 11. gxh5 Bf5 12. h6 g6 13. h5 Kh7 14. hxg6+ fxg6
15. Qd2 a6 16. O-O-O b5 17. Nxd6 cxd6 18. d5 Ne5 19. a3 Qc7 20. Qd4 Rfc8 21.
Qb6 Qe7 22. Rd4 Rcb8 23. Qa5 Rc8 24. Re1 Rcb8 25. Bg5 Qf7 26. a4 bxa4 27. Nxa4
Nfd7 28. Rb4 Rc8 29. Rb7 e3 30. Nc3 exf2 31. Rf1 Bh3 32. Ne4 Bxf1 33. Bxf1 Qf3
34. Qa4 Qh1 35. Rxd7+ Kh8 36. Bf6+ Kg8 37. h7+ Kf8 38. h8=Q+ Qxh8 39. Bxh8 Nxd7
40. Qxd7 Kg8 {Normal} 1-0

[Event "Rated Blitz tournament 4bDVdjTt"]
[Site "?"]
[Date "2021.05.09"]
[Round "?"]
[White "Buchi"]
[Black "cuerosky"]
[Result "1-0"]
[WhiteElo "2422"]
[BlackElo "2302"]
[PlyCount "129"]
[EventDate "2021.??.??"]
[EventType "blitz"]

1. e4 e5 2. Nf3 d5 3. d3 dxe4 4. dxe4 Qxd1+ 5. Kxd1 Bg4 6. c3 Nc6 7. Kc2 f5 8.
Bd3 O-O-O 9. h3 Bh5 10. exf5 Bxf3 11. gxf3 Nf6 12. Be4 Bc5 13. Be3 Bb6 14. Nd2
Nd5 15. Rae1 Rhf8 16. Rhg1 Rd7 17. Nc4 Nf6 18. Bxc6 bxc6 19. Nxe5 Re7 20. Nxc6
Rd7 21. Nxa7+ Kb7 22. Nb5 Ra8 23. a3 Ra5 24. Nd4 h6 25. Rg6 Rad5 26. Reg1 Ne8
27. f6 gxf6 28. Rxh6 c5 29. Nb3 Rf5 30. Rg3 Nd6 31. Rgg6 Ne8 32. f4 Re7 33. Rh8
Nc7 34. Rf8 Nd5 35. h4 Nxe3+ 36. fxe3 Rxe3 37. Rgxf6 Rh5 38. R8f7+ Ka6 39. Rc7
Re2+ 40. Kb1 Rxh4 41. Nxc5+ Kb5 42. Rb7 Kxc5 43. Rbxb6 Rh1+ 44. Ka2 Rhh2 45. a4
Rhf2 46. a5 Re4 47. Kb3 Rexf4 48. Rxf4 Rxf4 49. Rb4 Rf7 50. Ka4 Ra7 51. b3 Ra6
52. Rb5+ Kc6 53. c4 Ra7 54. c5 Kc7 55. b4 Ra8 56. Rb6 Rf8 57. Kb5 Rf4 58. a6
Rf3 59. Rb7+ Kc8 60. Kb6 Ra3 61. b5 Ra4 62. c6 Rb4 63. Rh7 Rxb5+ 64. Kxb5 Kd8
65. Kb6 {Normal} 1-0

[Event "Rated Blitz game"]
[Site "?"]
[Date "2021.05.09"]
[Round "?"]
[White "Pakal23"]
[Black "artsportscience"]
[Result "0-1"]
[WhiteElo "2463"]
[BlackElo "2377"]
[PlyCount "108"]
[EventDate "2021.??.??"]
[EventType "blitz"]

1. e4 e5 2. Nf3 d5 3. Nxe5 Bd6 4. d4 dxe4 5. Nc4 Nf6 6. Nxd6+ Qxd6 7. Be2 O-O
8. Nc3 Bf5 9. Be3 c6 10. O-O Nbd7 11. Na4 Bg6 12. Nc5 Nxc5 13. dxc5 Qe6 14. Qd6
Qf5 15. Qc7 Nd5 16. Qxb7 Nxe3 17. fxe3 Qxc5 18. Qb3 Rab8 19. Qc3 Qxc3 20. bxc3
Rb2 21. Rfc1 Rd8 22. Bc4 Rd2 23. Bb3 a5 24. Rd1 Rxd1+ 25. Rxd1 h6 26. Rd8+ Kh7
27. Ra8 c5 28. Rxa5 c4 29. Bxc4 Rxc2 30. Ra3 f5 31. Bb3 Re2 32. c4 h5 33. c5
Kh6 34. Ra6 Kg5 35. h4+ Kxh4 36. Rxg6 Rxe3 37. Kf2 Rc3 38. Be6 Rc2+ 39. Ke3
Rc3+ 40. Kf4 e3 41. g3+ Kh3 42. Bxf5+ Kg2 43. Re6 Kf2 44. c6 e2 45. c7 Rxc7 46.
Rxe2+ Kxe2 47. a4 Rf7 48. Kg5 Kf3 49. g4 hxg4 50. Bxg4+ Ke4 51. a5 Ra7 52. Kg6
Kf4 53. Be2 Ke5 54. a6 Kd5 {Time forfeit} 0-1

[Event "Rated Blitz game"]
[Site "?"]
[Date "2021.05.09"]
[Round "?"]
[White "divergent_twin"]
[Black "GoughPhar"]
[Result "1-0"]
[WhiteElo "2398"]
[BlackElo "2443"]
[PlyCount "101"]
[EventDate "2021.??.??"]
[EventType "blitz"]

1. e4 e5 2. Nf3 d5 3. Nxe5 Bd6 4. d4 dxe4 5. Bc4 Bxe5 6. Qh5 Qe7 7. Qxe5 Nc6 8.
Qxg7 Qf6 9. Qxf6 Nxf6 10. c3 Rg8 11. g3 Bg4 12. Bf4 Bf3 13. Rg1 h5 14. Nd2 Bg4
15. Bxc7 Rc8 16. Bf4 h4 17. Nf1 h3 18. Ne3 Bf3 19. Be2 Ne7 20. Bxf3 exf3 21.
O-O-O Ned5 22. Nxd5 Nxd5 23. Bd2 Kd7 24. Rde1 Rge8 25. a3 Re2 26. Rxe2 fxe2 27.
Re1 Re8 28. Kc2 Nf6 29. f3 Nh5 30. Kd3 f5 31. g4 fxg4 32. fxg4 Nf6 33. Rxe2
Rxe2 34. Kxe2 Nxg4 35. Bf4 Ke6 36. Kf3 Kf5 37. c4 b6 38. b4 a6 39. a4 Nf6 40.
b5 axb5 41. axb5 Ne4 42. Be3 Nf6 43. c5 bxc5 44. dxc5 Ng4 45. Bg1 Ne5+ 46. Kg3
Ke6 47. c6 Kd6 48. Kxh3 Nc4 49. Kg4 Na3 50. Bc5+ Kxc5 51. c7 {Normal} 1-0

[Event "Rated Blitz game"]
[Site "?"]
[Date "2021.05.09"]
[Round "?"]
[White "saeidpirmaleki2000"]
[Black "Michael_Watts"]
[Result "1-0"]
[WhiteElo "2410"]
[BlackElo "2300"]
[PlyCount "51"]
[EventDate "2021.??.??"]
[EventType "blitz"]

1. e4 e5 2. Nf3 d5 3. Nc3 d4 4. Ne2 Bd6 5. Ng3 Nf6 6. Bc4 O-O 7. d3 c5 8. O-O
a6 9. a4 Nc6 10. Qe2 Rb8 11. Nh4 g6 12. Bh6 Re8 13. Bg5 Be7 14. f4 exf4 15.
Rxf4 Ne5 16. Bb3 Nxe4 17. Bxe7 Qxe7 18. Nxe4 g5 19. Nf6+ Kg7 20. Nxe8+ Qxe8 21.
Nf5+ Kg6 22. Re4 Bxf5 23. Rxe5 Qd7 24. Rf1 Be6 25. Bxe6 fxe6 26. Rxe6+ {Normal}
1-0

[Event "Rated Blitz game"]
[Site "?"]
[Date "2021.05.09"]
[Round "?"]
[White "ljdr"]
[Black "BigLion5555"]
[Result "1-0"]
[WhiteElo "2506"]
[BlackElo "2542"]
[PlyCount "73"]
[EventDate "2021.??.??"]
[EventType "blitz"]

1. e4 e5 2. Nf3 d5 3. exd5 e4 4. Qe2 Nf6 5. d3 Qxd5 6. Nbd2 Bb4 7. c3 Ba5 8.
dxe4 Qe6 9. Qb5+ Nc6 10. Nd4 a6 11. Qa4 b5 12. Nxe6 bxa4 13. Nxg7+ Kf8 14. Nf5
Nxe4 15. Nxe4 Bxf5 16. Bh6+ Ke7 17. Ng3 Be6 18. Be2 Rab8 19. O-O Rxb2 20. Bxa6
Bxc3 21. Rac1 Nb4 22. Rxc3 Nxa6 23. Rc6 Rb6 24. Rc2 Nb4 25. Rxc7+ Kf6 26. Be3
Rd6 27. Bc5 Na6 28. Bxd6 Nxc7 29. Bxc7 Bxa2 30. f4 Rc8 31. Be5+ Kg6 32. f5+ Kg5
33. Rf4 h5 34. h4+ Kh6 35. Rxa4 Rc1+ 36. Kh2 Bd5 37. Bf4+ {Normal} 1-0

[Event "Rated Blitz game"]
[Site "?"]
[Date "2021.05.09"]
[Round "?"]
[White "RomanHerrmann26"]
[Black "Slimslik02"]
[Result "1-0"]
[WhiteElo "2425"]
[BlackElo "2295"]
[PlyCount "71"]
[EventDate "2021.??.??"]
[EventType "blitz"]

1. e4 e5 2. Nf3 d5 3. exd5 e4 4. Qe2 Nf6 5. Nc3 Bb4 6. Nxe4 O-O 7. c3 Nxe4 8.
cxb4 Re8 9. d4 Ng3 10. hxg3 Rxe2+ 11. Bxe2 Qxd5 12. Bf4 Bf5 13. b3 Nc6 14. O-O
Nxd4 15. Nxd4 Qxd4 16. b5 h6 17. Bxc7 Rc8 18. Bf4 g5 19. Be3 Qb2 20. Bf3 b6 21.
Bc6 Rd8 22. Rfd1 Rxd1+ 23. Rxd1 Kh7 24. Rd8 Qxa2 25. Bd4 g4 26. Rh8+ Kg6 27.
Rg8+ Kh5 28. Bd5 Bg6 29. Be3 Qa1+ 30. Kh2 Qf6 31. Bf4 Qf5 32. Bc4 Qf6 33. f3
gxf3 34. gxf3 Qb2+ 35. Kh3 Qc3 36. g4# {Normal} 1-0

[Event "Rated Blitz game"]
[Site "?"]
[Date "2021.05.09"]
[Round "?"]
[White "saeidpirmaleki2000"]
[Black "Michael_Watts"]
[Result "1/2-1/2"]
[WhiteElo "2408"]
[BlackElo "2303"]
[PlyCount "142"]
[EventDate "2021.??.??"]
[EventType "blitz"]

1. e4 e5 2. Nf3 d5 3. d4 dxe4 4. Nxe5 Bd6 5. Bf4 Nf6 6. Bc4 O-O 7. Nc3 Nc6 8.
O-O Bf5 9. Re1 Qe7 10. Nxc6 bxc6 11. Bg5 h6 12. Bxf6 Qxf6 13. Nxe4 Bxh2+ 14.
Kxh2 Qh4+ 15. Kg1 Bxe4 16. Bd3 Bxd3 17. Qxd3 Rad8 18. Rad1 Rfe8 19. c4 g6 20.
Rxe8+ Rxe8 21. Qf3 Re4 22. g3 Qg4 23. Qxg4 Rxg4 24. Kg2 Re4 25. Kf3 Re8 26. Rd3
Kg7 27. Ra3 Rd8 28. Ke3 Rb8 29. b3 Rb7 30. Ra6 c5 31. dxc5 g5 32. c6 Rb6 33.
Rxb6 axb6 34. b4 Kf6 35. a4 Ke5 36. g4 f5 37. f3 f4+ 38. Kd3 Kd6 39. b5 Kc5 40.
Kc3 h5 41. gxh5 g4 42. fxg4 f3 43. Kd3 f2 44. Ke2 Kxc4 45. h6 Kb4 46. h7 Kxa4
47. h8=Q Kxb5 48. Qf6 f1=Q+ 49. Kxf1 Ka5 50. g5 b5 51. g6 b4 52. g7 Kb5 53.
g8=Q b3 54. Qb8+ Kc5 55. Qc3+ Kd6 56. Qcxb3 Kxc6 57. Qxc7+ Kxc7 58. Qc3+ Kd6
59. Qc4 Ke5 60. Ke2 Kf5 61. Kd3 Kf6 62. Qe4 Kg5 63. Ke3 Kf6 64. Kf3 Kg5 65.
Qf4+ Kg6 66. Kg3 Kh7 67. Qg4 Kh6 68. Kf3 Kh7 69. Kf4 Kh6 70. Kf5 Kh7 71. Kf6
Kh8 {Time forfeit} 1/2-1/2

[Event "Rated Blitz game"]
[Site "?"]
[Date "2021.05.09"]
[Round "?"]
[White "MagnusPalmi"]
[Black "AlaEldin"]
[Result "0-1"]
[WhiteElo "2423"]
[BlackElo "2304"]
[PlyCount "32"]
[EventDate "2021.??.??"]
[EventType "blitz"]

1. e4 e5 2. Nf3 d5 3. exd5 e4 4. Ne5 Qxd5 5. d4 exd3 6. Nxd3 Nf6 7. Nc3 Qd8 8.
Bg5 Be7 9. Be2 O-O 10. O-O Bf5 11. Bf3 Nc6 12. Re1 Nd4 13. Rxe7 Qxe7 14. Nd5
Qd6 15. Bf4 Nxf3+ 16. Qxf3 Qxd5 {Normal} 0-1

[Event "Rated Blitz tournament 4ja4glRM"]
[Site "?"]
[Date "2021.05.09"]
[Round "?"]
[White "amirkhanlou38"]
[Black "Maltinho"]
[Result "1-0"]
[WhiteElo "2389"]
[BlackElo "2507"]
[PlyCount "49"]
[EventDate "2021.??.??"]
[EventType "blitz"]

1. e4 e5 2. Nf3 d5 3. d4 dxe4 4. Nxe5 Bd6 5. Qh5 Qe7 6. Nc3 Nf6 7. Qh4 Bxe5 8.
dxe5 Qxe5 9. Bf4 Qa5 10. Bg5 Nbd7 11. O-O-O O-O 12. Bc4 c6 13. Kb1 b5 14. Bb3
Re8 15. Rhe1 b4 16. Nxe4 Nxe4 17. Rxe4 Bb7 18. Bxf7+ Kxf7 19. Qh5+ Kf8 20. Rxd7
Qf5 21. Be7+ Rxe7 22. Qxf5+ Kg8 23. Rexe7 Rf8 24. Rxg7+ Kh8 25. Qxf8# {Normal}
1-0

[Event "Rated Rapid game"]
[Site "?"]
[Date "2021.05.09"]
[Round "?"]
[White "salosti"]
[Black "Delyvj"]
[Result "1-0"]
[WhiteElo "2276"]
[BlackElo "2420"]
[PlyCount "79"]
[EventDate "2021.??.??"]
[EventType "rapid"]

1. e4 e5 2. Nf3 d5 3. exd5 e4 4. Nd4 Qxd5 5. c3 Bd6 6. Be2 Qe5 7. d3 Nf6 8. f4
exf3 9. Nxf3 Qh5 10. O-O Bg4 11. h3 Bxh3 12. gxh3 Qxh3 13. Qa4+ Nc6 14. Qh4
Bh2+ 15. Kh1 Qxh4 16. Nxh4 Bd6 17. Bg5 O-O-O 18. Bxf6 gxf6 19. Rxf6 Be7 20. Rf4
Bg5 21. Rg4 Bc1 22. a4 Ne5 23. Rb4 Nxd3 24. Bxd3 Rxd3 25. Na3 a5 26. Rc4 Bxb2
27. Ra2 Bxc3 28. Nb5 Be5 29. Nf5 c6 30. Na3 Kb8 31. Rc5 Rg8 32. Rxe5 Rg5 33.
Re8+ Ka7 34. Ne3 Rg3 35. Nac4 f5 36. Nxf5 Rg5 37. Ncd6 h6 38. Re7 Rb3 39. Nd4
Ka6 40. Nxb3 {Normal} 1-0

[Event "Rated Blitz tournament 4ja4glRM"]
[Site "?"]
[Date "2021.05.09"]
[Round "?"]
[White "davidb2"]
[Black "dr_xStranger"]
[Result "1/2-1/2"]
[WhiteElo "2539"]
[BlackElo "2545"]
[PlyCount "132"]
[EventDate "2021.??.??"]
[EventType "blitz"]

1. e4 e5 2. Nf3 d5 3. exd5 e4 4. Qe2 Nf6 5. Nc3 Be7 6. Nxe4 O-O 7. Nxf6+ Bxf6
8. Qd1 Qxd5 9. Be2 Nc6 10. O-O Re8 11. d3 Bg4 12. h3 Bh5 13. c3 Rad8 14. Be3 a6
15. d4 Bg6 16. Qd2 Ne7 17. c4 Qd7 18. Rad1 Nf5 19. Bd3 Nd6 20. Bxg6 hxg6 21. b3
Ne4 22. Qd3 Qf5 23. Nd2 Nxd2 24. Qxf5 gxf5 25. Rxd2 g5 26. d5 f4 27. Bd4 Bxd4
28. Rxd4 Re2 29. h4 f6 30. Rfd1 Rxa2 31. d6 cxd6 32. Rxd6 Rxd6 33. Rxd6 Kf7 34.
hxg5 fxg5 35. Rd7+ Ke6 36. Rxb7 Kf5 37. f3 Ra3 38. c5 Ra1+ 39. Kh2 Rc1 40. b4
a5 41. bxa5 Rxc5 42. a6 Ra5 43. a7 Ra1 44. g4+ fxg3+ 45. Kxg3 Ra3 46. Kf2 Kf4
47. Rf7+ Ke5 48. Ke2 Ke6 49. Rg7 Kf6 50. Rb7 Ke5 51. Kd2 Kf4 52. Rf7+ Ke5 53.
Kc2 Ke6 54. Rg7 Kf6 55. Rb7 Kf5 56. Kb2 Ra6 57. Kb3 Kf4 58. Rb4+ Kxf3 59. Ra4
Rxa7 60. Rxa7 g4 61. Kc2 g3 62. Kd2 g2 63. Rg7 Kf2 64. Rf7+ Kg3 65. Rg7+ Kf2
66. Rxg2+ Kxg2 {Normal} 1/2-1/2

[Event "Rated Blitz game"]
[Site "?"]
[Date "2021.05.09"]
[Round "?"]
[White "Nodal1955"]
[Black "Slimslik02"]
[Result "1-0"]
[WhiteElo "2400"]
[BlackElo "2328"]
[PlyCount "113"]
[EventDate "2021.??.??"]
[EventType "blitz"]

1. e4 e5 2. Nf3 d5 3. d4 dxe4 4. Nxe5 Bd6 5. Qh5 Qe7 6. Bc4 Bxe5 7. dxe5 Be6 8.
Bxe6 Qxe6 9. O-O Nc6 10. Nc3 O-O-O 11. Nxe4 f6 12. Be3 fxe5 13. Nc5 Qe8 14.
Qg4+ Kb8 15. Rad1 Nge7 16. Qe6 Ng6 17. Qb3 b6 18. Qb5 Nd4 19. Na6+ Kb7 20. Nc5+
Kb8 21. Qxe8 Rhxe8 22. Bxd4 exd4 23. Nb3 c5 24. Rfe1 Nf4 25. g3 Nd5 26. Kf1 Nb4
27. c3 dxc3 28. bxc3 Nxa2 29. Rxe8 Rxe8 30. Rd3 c4 31. Rd2 cxb3 32. Rb2 Nxc3
33. Rxb3 Nd5 34. Rd3 Nb4 35. Rd7 Rg8 36. f4 Nc6 37. f5 Kc8 38. Rf7 Nd8 39. Re7
a5 40. Ke2 Nb7 41. Kd3 Rf8 42. g4 g6 43. Rxh7 gxf5 44. g5 f4 45. Ke2 Nc5 46. g6
f3+ 47. Kf2 Nd3+ 48. Kf1 f2 49. g7 Rd8 50. Rh8 a4 51. Rxd8+ Kxd8 52. g8=Q+ Kc7
53. Qc4+ Nc5 54. Kxf2 a3 55. h3 Kc6 56. h4 b5 57. Qa2 {Time forfeit} 1-0

[Event "Rated Rapid game"]
[Site "?"]
[Date "2021.05.09"]
[Round "?"]
[White "Gmelhor"]
[Black "Gmjaknour"]
[Result "1-0"]
[WhiteElo "2711"]
[BlackElo "2823"]
[PlyCount "95"]
[EventDate "2021.??.??"]
[EventType "rapid"]

1. e4 e5 2. Nf3 d5 3. exd5 e4 4. Qe2 Nf6 5. d3 Bb4+ 6. c3 O-O 7. dxe4 Ba5 8.
Bg5 Re8 9. Nbd2 Bg4 10. O-O-O Nbd7 11. h3 Bxf3 12. gxf3 c5 13. Nc4 b5 14. Nd6
Qb6 15. Nxe8 Rxe8 16. Bxf6 Nxf6 17. e5 b4 18. c4 Qd8 19. f4 Bb6 20. h4 a5 21.
Bh3 a4 22. Qf3 Nd7 23. Rde1 Ba5 24. b3 axb3 25. axb3 Nb6 26. f5 Nxc4 27. bxc4
b3 28. Qxb3 Bxe1 29. Rxe1 Qa5 30. Re3 h6 31. Kc2 Qa1 32. e6 fxe6 33. fxe6 Qa6
34. e7 Qf6 35. Be6+ Kh8 36. Bd7 Rxe7 37. Rxe7 Qxe7 38. Be6 Qxh4 39. Qb8+ Kh7
40. Bg8+ Kg6 41. Qg3+ Qxg3 42. fxg3 Kf6 43. Kd3 Ke5 44. Be6 g5 45. g4 Kd6 46.
Ke4 Ke7 47. Ke5 h5 48. gxh5 {Normal} 1-0

[Event "Rated Rapid game"]
[Site "?"]
[Date "2021.05.09"]
[Round "?"]
[White "Gmelhor"]
[Black "mario19968"]
[Result "1-0"]
[WhiteElo "2599"]
[BlackElo "2511"]
[PlyCount "47"]
[EventDate "2021.??.??"]
[EventType "rapid"]

1. e4 e5 2. Nf3 d5 3. exd5 e4 4. Bb5+ c6 5. dxc6 bxc6 6. Ba4 exf3 7. O-O fxg2
8. Re1+ Be6 9. d4 Bd6 10. d5 Qe7 11. dxe6 fxe6 12. Nc3 Nf6 13. Bg5 O-O 14. Ne4
Qc7 15. Nxd6 Ng4 16. Bb3 Na6 17. Rxe6 Kh8 18. Qxg4 Nc5 19. Qc4 Qb6 20. Re8 Nxb3
21. Nf7+ Kg8 22. Nh6+ Kh8 23. Qg8+ Rxg8 24. Rxg8+ {Normal} 1-0

[Event "Rated Blitz game"]
[Site "?"]
[Date "2021.05.09"]
[Round "?"]
[White "Andep123"]
[Black "artsportscience"]
[Result "1-0"]
[WhiteElo "2385"]
[BlackElo "2405"]
[PlyCount "105"]
[EventDate "2021.??.??"]
[EventType "blitz"]

1. e4 e5 2. Nf3 d5 3. Nxe5 Bd6 4. d4 dxe4 5. Be2 Bxe5 6. dxe5 Qxd1+ 7. Bxd1 Nc6
8. Nc3 Bf5 9. Bf4 Nge7 10. Bg3 Ng6 11. Be2 Ngxe5 12. O-O-O O-O 13. Bb5 Rfe8 14.
Bxc6 Nxc6 15. Bxc7 Rac8 16. Bf4 h6 17. Rhe1 Bg6 18. Rd6 Re7 19. a3 Rce8 20. Nd5
Re6 21. Rd7 Rc8 22. Rxb7 Kh7 23. Rc7 Ree8 24. Rd1 Red8 25. Rxc8 Rxc8 26. Ne3 f6
27. Rd6 h5 28. h4 a5 29. b3 Bf7 30. Kb2 a4 31. bxa4 Na5 32. Rd4 Bg6 33. c4 Nc6
34. Rd6 Na5 35. Kc3 Bf7 36. Rd4 Nc6 37. Rd7 Be6 38. Rd6 Bf7 39. c5 Na5 40. Kb4
Nb3 41. Nd5 Na1 42. c6 Nc2+ 43. Kc3 Nxa3 44. c7 Bxd5 45. Rxd5 Nb1+ 46. Kb4 g5
47. hxg5 fxg5 48. Be5 Kg6 49. Rd8 Rxc7 50. Bxc7 Nd2 51. a5 e3 52. fxe3 Ne4 53.
a6 {Normal} 1-0

[Event "Rated Blitz game"]
[Site "?"]
[Date "2021.05.09"]
[Round "?"]
[White "Pakal23"]
[Black "anjaya01"]
[Result "1-0"]
[WhiteElo "2457"]
[BlackElo "2403"]
[PlyCount "61"]
[EventDate "2021.??.??"]
[EventType "blitz"]

1. e4 e5 2. Nf3 d5 3. Nxe5 Bd6 4. d4 dxe4 5. Nc4 f5 6. Nxd6+ Qxd6 7. f3 Nf6 8.
Bc4 Nc6 9. c3 Be6 10. Bxe6 Qxe6 11. O-O O-O-O 12. fxe4 Nxe4 13. Nd2 Nxd4 14.
cxd4 Rxd4 15. Qe1 Rhd8 16. Nxe4 Rxe4 17. Qc3 Re2 18. Bf4 c6 19. Qxg7 Qd7 20.
Qxd7+ Rxd7 21. Rf2 Re4 22. Raf1 b5 23. Rc2 Kb7 24. g3 a5 25. Rfc1 Re6 26. Kf2
a4 27. a3 h5 28. h4 Kb6 29. Re1 Rf6 30. Be5 Re6 31. Bd4+ {Normal} 1-0

[Event "Rated Blitz tournament 26XVe6Gp"]
[Site "?"]
[Date "2021.05.09"]
[Round "?"]
[White "pasteta"]
[Black "Frutek"]
[Result "1-0"]
[WhiteElo "2443"]
[BlackElo "2548"]
[PlyCount "133"]
[EventDate "2021.??.??"]
[EventType "blitz"]

1. e4 e5 2. Nf3 d5 3. Nxe5 Bd6 4. d4 dxe4 5. Be2 Nf6 6. O-O O-O 7. c4 Nbd7 8.
Bf4 Re8 9. Nc3 Bf8 10. Re1 c5 11. Nxd7 Bxd7 12. d5 h6 13. Bf1 a6 14. g3 Bf5 15.
Bg2 Qd7 16. Qe2 Rad8 17. Rad1 g5 18. Bc1 Bg7 19. h4 Bg4 20. Qd2 Bxd1 21. hxg5
hxg5 22. Nxd1 Qf5 23. Qxg5 Qxg5 24. Bxg5 Rd6 25. Nc3 Nd7 26. Nxe4 Kf8 27. Kf1
Rg6 28. Bc1 Ne5 29. Nxc5 Rc8 30. Rxe5 Rxc5 31. Re4 Rc8 32. b3 Bf6 33. Ba3+ Kg7
34. d6 Bd8 35. d7 Rcc6 36. Re8 Bf6 37. Bxc6 bxc6 38. d8=Q Bxd8 39. Rxd8 Re6 40.
Bb2+ Kg6 41. Ra8 c5 42. Ba3 Kf5 43. Bxc5 Kg4 44. Be3 f5 45. Rg8+ Kf3 46. Rf8
Ke4 47. Rd8 Kf3 48. Rd4 Re4 49. Rxe4 Kxe4 50. Ke2 f4 51. Bxf4 a5 52. Kd2 Kf5
53. Kc3 Ke6 54. c5 Kd7 55. Kc4 Kc6 56. g4 a4 57. g5 a3 58. b4 Kd7 59. Kb3 Ke6
60. Kxa3 Kf5 61. Kb3 Kg4 62. b5 Kf3 63. c6 Ke2 64. c7 Kf1 65. c8=Q Kg2 66. b6
Kf3 67. b7 {Normal} 1-0

[Event "Rated Rapid game"]
[Site "?"]
[Date "2021.05.09"]
[Round "?"]
[White "Gmelhor"]
[Black "Gmjaknour"]
[Result "0-1"]
[WhiteElo "2724"]
[BlackElo "2807"]
[PlyCount "36"]
[EventDate "2021.??.??"]
[EventType "rapid"]

1. e4 e5 2. Nf3 d5 3. exd5 e4 4. Qe2 Nf6 5. d3 Bb4+ 6. c3 O-O 7. cxb4 exf3 8.
Qxf3 Re8+ 9. Be2 Bg4 10. O-O Bxf3 11. Bxf3 Nxd5 12. b5 c6 13. a4 Nb4 14. Nc3
Nxd3 15. Be3 Nxb2 16. Ra2 Nc4 17. Bc5 Nd2 18. Bg4 Nxf1 {Normal} 0-1